000 00531nam a2200193Ia 4500
005 20240715051546.0
008 240331s9999 xx 000 0 und d
020 _a8185107742
082 _a200.042
_bAGA.
245 0 _aAgainst all odds :
_bessays on women, religion anddevelopment from India and Pakistan
260 _aNew Delhi
_bKali for women
_c1994
300 _aix, 194 p .,
650 _aWoman
650 _aReligion
650 _aDevelopment
700 _abhasin, Kamla
_eedt
700 _aMenon, Ritu
_eedt
942 _cL
999 _c1309
_d1309